Personajes de ficción por imagen - F - Estadísticas

Estadísticas generales
  • Esta prueba ha sido intentada 7.127 veces
  • La puntuación promedio es 11 de 16
Estadísticas de respuestas
Imagen Respuesta % Correcto
Fiona
98%
Ferb
94%
Flash
94%
Fred Weasley
91%
Forrest Gump
86%
Freddy Krueger
85%
Finn el Humano
82%
Frankenstein
80%
Frodo Baggins
75%
Falcon
56%
Francesco Bernoulli
56%
Frozono
54%
Freezer
52%
Foxy
47%
Flynn Rider
43%
Flounder
34%
No se encontraron pruebas coincidentes
Distribución de puntuación
Porcentaje de gente con cada puntuación
Porcentaje por número respondido
Historial de tus puntuaciones
No has intentado esta prueba.